Flocculation in biotechnology and separation systems : proceedings of the International Symposium on Flocculation in Biotechnology and Separation Systems, San Francisco, California, U.S.A. July 28-August 1, 1986 /

Bibliographic Details
Corporate Author: International Symposium on Flocculation in Biotechnology and Separation Systems San Francisco, Calif.
Other Authors: Attia, Yosry A., 1945-
Format: Conference Proceeding Book
Language:English
Published: Amsterdam ; New York : Elsevier, 1987.
Series:Process technology proceedings ; 4.
Subjects:

MARC

Tag First Indicator Second Indicator Subfields
LEADER 00000cam a2200000 a 4500
001 in00000011895
005 20151007051723.0
008 861222s1987 ne a b 10010 eng
010 |a  86032882  
020 |a 044442752X (U.S.) :  |c fl 450.00 (est.) 
035 |a (OCoLC)15084233 
035 |9 AAA4441AM 
040 |a DLC  |c DLC  |d OCL  |d TXA  |d UtOrBLW 
049 |a TXAM  |c [A12622687] 
050 0 0 |a TP156.F55  |b I58 1986 
070 0 |a TP156.F55I58  |b 1986 
082 0 |a 660.2/842  |2 19 
111 2 |a International Symposium on Flocculation in Biotechnology and Separation Systems  |d (1986 :  |c San Francisco, Calif.) 
245 1 0 |a Flocculation in biotechnology and separation systems :  |b proceedings of the International Symposium on Flocculation in Biotechnology and Separation Systems, San Francisco, California, U.S.A. July 28-August 1, 1986 /  |c edited by Yosry A. Attia. 
264 1 |a Amsterdam ;  |a New York :  |b Elsevier,  |c 1987. 
300 |a xiii, 814 pages :  |b illustrations ;  |c 25 cm. 
336 |a text  |b txt  |2 rdacontent 
337 |a unmediated  |b n  |2 rdamedia 
338 |a volume  |b nc  |2 rdacarrier 
490 1 |a Process technology proceedings ;  |v 4 
504 |a Includes bibliographies. 
650 0 |a Flocculation  |x Congresses. 
650 0 |a Biotechnology  |v Congresses. 
650 0 |a Separation (Technology)  |v Congresses. 
700 1 |a Attia, Yosry A.,  |d 1945- 
830 0 |a Process technology proceedings ;  |v 4. 
999 |a MARS 
999 f f |s 7223f00d-0a52-36f9-aae0-15e40b69b501  |i 16e58250-9399-3a31-918d-026638aa1232  |t 0 
952 f f |p normal  |a Texas A&M University  |b College Station  |c Sterling C. Evans Library  |d Evans: Library Stacks  |t 0  |e TP156.F55 I58 1986  |h Library of Congress classification  |i unmediated -- volume  |m A14812622687 
998 f f |a TP156.F55 I58 1986  |t 0  |l Evans: Library Stacks